Az abszolút hattyú a tánc világnapján: Maja Pliszeckaja. Münchenben él, litván állampolgár, de szívügye az orosz kultúra

Bibliographic Details
Main Author: Szabó, László G., 1955- (Author)
Format: Article
Language:Hungarian
PhysicalDescription:Fotogr.
Subjects:

MARC

LEADER 00000nab a2200000 ar4500
001 vtls008954311
003 SK-MaSNL
005 20260319071316.0
008 060622c20060429xo |||||||| 000 b|hun
015 |a SNBRB2006/06  |2 snkbucl 
038 |a SNKBUCL 
040 |a DSZK  |b slo  |c DSZK  |d SNKBUCL  |e AACR2 
041 0 |a hun 
044 |a xo  |c SK 
080 |a 792.071.2:792.8  |2 1997 
080 |a 929 Pliseckaja, Maja  |2 1997 
080 |a 792.8  |2 1997 
100 1 |a Szabó, László G.,  |d 1955-  |4 aut  |9 840019 
245 1 3 |a Az abszolút hattyú  |b a tánc világnapján: Maja Pliszeckaja. Münchenben él, litván állampolgár, de szívügye az orosz kultúra  |c Szabó G. László 
300 |b Fotogr. 
600 1 7 |a Pliseckaja, Majja Michajlovna,  |d 1925-2015  |2 snkbucl  |9 25373 
773 0 |t Új szó  |g Évf. 59, sz. 99 (29.4.2006), o. 8 
852 |a SNK  |b KIS3GCP 
852 |a DSZK  |b KIS3GCP 
958 |a HU 
958 |a LT 
958 |a BC 
999 |c 1754811  |d 1756741